| 000 | 00650nam a2200205 a 4500 | ||
|---|---|---|---|
| 005 | 20240425063930.0 | ||
| 008 | 011113s1995 mx r 000 0 spa d | ||
| 020 | _a8447705234 | ||
| 035 | _aUPN01000113908 | ||
| 049 | _aCG | ||
| 050 | 4 |
_aLB1025.3 _bP8.7 1995 |
|
| 100 | 1 |
_aPuig Rovira, Josep María, _d1951- _929430 |
|
| 245 | 1 | 0 |
_aTeoría de la educación : _buna aproximación sistemático-cibernética / _cJosé Ma. Puig Rovira ; pról. A. Sanvisens MarFull. |
| 250 | _a3a ed. | ||
| 260 |
_aBarcelona, Esp. : _bEUB, _c1995. |
||
| 300 | _a262 p. | ||
| 650 | 4 |
_aEnseñanza _96215 |
|
| 650 | 4 |
_aRelación maestro-estudiante _94168 |
|
| 905 | _aLibro | ||
| 999 |
_c87816 _d87816 |
||